Statistics for All 100k+ Urban Areas of North America

Click here to take the quiz!

General Stats

  • This quiz has been taken 29 times
  • The average score is 254 of 549

Answers on the Map

Answers color-coded by a green-red scale on the quiz's map according to % correct below.
 

Answer Stats

CountryPop.Urban Area% Correct
Canada1,598,500Calgary
92%
United States275,622Portland, Maine
92%
United States2,482,924Portland, Ore.
92%
Canada7,480,038Toronto
92%
Canada2,507,138Vancouver
92%
United States4,213,836Boston
88%
United States9,031,458Chicago
88%
Canada / USA4,466,805Detroit - Windsor
88%
United States20,106,617New York City
88%
Canada1,316,024Ottawa
88%
United States2,592,649San Antonio
88%
United States5,259,987San Francisco Bay Area
88%
Costa Rica2,818,155San José
88%
Mexico165,268San José del Cabo
88%
United States4,209,773Seattle
88%
United States5,991,807Washington, D.C.
88%
United States6,098,561Atlanta
85%
United States701,975Boise
85%
United States1,078,252Buffalo
85%
United States7,676,519Dallas - Fort Worth
85%
United States3,193,848Denver
85%
Canada1,407,750Edmonton
85%
United States7,380,743Houston
85%
United States2,021,876Indianapolis
85%
United States2,065,539Kansas City
85%
United States6,250,227Miami
85%
United States3,429,367Minneapolis - St. Paul
85%
Canada4,184,065Montréal
85%
United States1,265,758Oklahoma City
85%
United States6,326,212Philadelphia
85%
United States5,037,826Phoenix
85%
United States587,673Syracuse
85%
United States277,166Anchorage
81%
United States2,343,554Baltimore
81%
Mexico674,437Cancún
81%
United States1,879,727Cleveland
81%
Cuba2,225,974Havana
81%
United States347,693Jackson
81%
Mexico2,256,804Juárez - El Paso
81%
United States2,574,188Las Vegas
81%
United States16,206,529Los Angeles
81%
Mexico19,229,491Mexico City
81%
United States1,094,426New Orleans
81%
Panama1,643,694Panama City
81%
United States176,376Panama City
81%
United States1,521,251Providence
81%
Canada899,336Québec City
81%
United States2,255,254Sacramento
81%
Mexico / USA5,087,822San Diego - Tijuana
81%
United States2,516,072St. Louis
81%
United States2,913,899Tampa - St. Petersburg
81%
United States893,902Tulsa
81%
United States910,184Birmingham
77%
United States1,108,697Bridgeport - New Haven
77%
United States2,170,408Charlotte
77%
United States270,236Columbus, Ga.
77%
United States2,096,756Columbus, Ohio
77%
Mexico4,630,506Guadalajara
77%
Canada389,508Halifax
77%
United States1,379,250Jacksonville, Fla.
77%
United States111,224Jacksonville, N.C.
77%
United States609,771Knoxville
77%
United States1,359,669Louisville
77%
United States590,333Madison
77%
United States1,276,843Memphis
77%
United States1,668,191Milwaukee
77%
United States131,531Monterey
77%
Mexico4,451,300Monterrey
77%
United States961,354Omaha
77%
United States2,642,322Orlando
77%
United States1,989,266Pittsburgh
77%
Haiti2,296,386Port-au-Prince
77%
United States1,163,828Richmond
77%
United States166,172Rochester, Minn.
77%
United States867,259Rochester, N.Y.
77%
United States458,593Salem
77%
Puerto Rico2,043,941San Juan
77%
Mexico282,653San Juan del Río
77%
El Salvador2,665,080San Salvador
77%
United States580,058Spokane
77%
United States189,895Springfield, Ill.
77%
United States749,016Springfield, Mass.
77%
United States399,715Springfield, Mo.
77%
Canada135,622St. John
77%
Canada199,335St. John's
77%
United States1,097,355Tucson
77%
Canada851,979Winnipeg
77%
United States486,787Winston-Salem
77%
Mexico800,961Acapulco
73%
United States636,183Akron
73%
United States712,898Albany - Schenectady
73%
United States1,079,593Allentown - Bethlehem
73%
United States431,480Augusta
73%
United States2,339,567Austin
73%
United States144,180Billings
73%
United States687,214Charleston, S.C.
73%
United States140,958Charleston, W. Va.
73%
United States1,985,992Cincinnati
73%
United States999,769Dayton
73%
United States621,337Des Moines
73%
United States335,548Eugene
73%
United States940,501Fresno
73%
United States759,630Grand Rapids
73%
Guatemala3,410,652Guatemala City
73%
United States440,147Huntsville
73%
United States582,420Lexington
73%
United States306,155Manchester
73%
United States385,876Montgomery
73%
Bahamas283,067Nassau
73%
United States275,622Olympia
73%
United States1,846,256Raleigh - Durham
73%
Mexico1,766,242Reynosa - McAllen
73%
United States1,291,653Salt Lake City
73%
Dom. Republic4,691,071Santo Domingo
73%
United States309,705Tallahassee
73%
United States658,146Toledo
73%
United States1,656,882Virginia Beach
73%
United States584,092Wichita
73%
United States119,324Wichita Falls
73%
United States558,717Worcester
73%
United States981,666Albuquerque
69%
United States220,118Amarillo
69%
United States821,886Baton Rouge
69%
United States398,569Chattanooga
69%
Mexico333,008Ciudad Victoria
69%
United States141,831Columbia, Mo.
69%
United States686,432Columbia, S.C.
69%
United States141,195Duluth
69%
United States222,585Fargo
69%
United States243,477Green Bay
69%
United States1,076,217Hartford
69%
Canada1,081,427Kingston
69%
Jamaica141,646Kingston
69%
United States194,035Lafayette, Ind.
69%
United States473,333Lafayette, La.
69%
Mexico / USA688,616Laredo - Nuevo Laredo
69%
United States307,195Lincoln
69%
United States520,156Little Rock
69%
Canada546,351London
69%
United States275,212Lubbock
69%
United States1,193,643Nashville-Davidson
69%
Mexico3,202,625Puebla - Tlaxcala
69%
Canada254,607Regina
69%
Mexico158,399San Francisco del Rincón
69%
Dom. Republic162,873San Francisco de Macorís
69%
Canada311,564Saskatoon
69%
United States377,076Savannah
69%
United States357,613Shreveport
69%
United States134,109St. George
69%
United States424,160Stockton
69%
Canada382,930Victoria
69%
United States759,358Bakersfield
65%
Mexico895,555Chihuahua
65%
United States724,677Colorado Springs
65%
United States924,768Concord - Vallejo
65%
United States381,224Corpus Christi
65%
United States346,212Davenport
65%
United States289,958Evansville
65%
United States389,383Fayetteville
65%
United States416,885Fayetteville - Rogers
65%
United States490,691Fort Wayne
65%
United States733,659Greensboro
65%
United States162,854Greenville, N.C.
65%
United States546,777Greenville, S.C.
65%
United States665,553Harrisburg
65%
United States349,969Lancaster - Palmdale
65%
United States451,287Lancaster, Penn.
65%
United States422,490Mobile
65%
Mexico725,918Oaxaca
65%
United States682,029Ogden - Layton
65%
United States410,564Pensacola
65%
United States305,692Peoria
65%
United States748,561Provo - Orem
65%
United States407,753Rockford
65%
Mexico1,104,991San Luis Potosí
65%
Mexico / USA205,235San Luis Río Colorado
65%
United States208,937Santa Barbara
65%
United States568,255South Bend - Elkhart
65%
Canada / USA368,662St. Catharines
65%
Canada105,266Thunder Bay
65%
United States131,028Tyler
65%
Mexico784,424Veracruz
65%
United States207,411Waco
65%
United States255,329Wilmington
65%
United States337,955Ann Arbor
62%
United States229,818Atlantic City
62%
United States323,925Beaumont - Port Arthur
62%
United States781,190Cape Coral
62%
United States121,831Coeur d'Alene
62%
United States329,212Daytona Beach
62%
United States241,560Erie
62%
United States446,361Flint
62%
United States258,996Gulfport - Biloxi
62%
Mexico780,461Hermosillo
62%
United States135,779Idaho Falls
62%
United States350,521Kalamazoo
62%
United States260,742Kenosha - Racine
62%
United States451,972Lansing
62%
United States141,993Las Cruces
62%
Nicaragua1,457,561Managua
62%
Mexico / USA818,927Matamoros - Brownsville
62%
Mexico1,011,944Mérida
62%
Mexico / USA958,895Mexicali - Calexico
62%
United States126,466Midland
62%
United States539,255Port St. Lucie
62%
United States442,429Reno
62%
United States358,519Santa Rosa
62%
Honduras1,686,948Tegucigalpa
62%
United States170,851Topeka
62%
United States151,903Waterloo
62%
United States444,986Wilkes-Barre - Scranton
62%
United States505,826Youngstown
62%
United States143,213Athens
58%
United States106,988Bend
58%
United States238,836Cedar Rapids
58%
United States195,459College Station - Bryan
58%
United States123,101Dover
58%
United States213,748Gainesville, Fla.
58%
United States141,616Lake Charles
58%
United States572,803Lakeland
58%
Mexico1,455,527León
58%
Nicaragua193,286León
58%
United States281,243Macon - Warner Robins
58%
United States419,939Naples - Bonita Springs
58%
United States128,746Odessa
58%
United States669,746Palm Bay - Melbourne
58%
Trinidad & Tobago579,880Port-of-Spain
58%
United States159,444Pueblo
58%
United States120,602Redding
58%
Dom. Republic238,259San Pedro de Macorís
58%
United States936,317Sarasota - Bradenton
58%
United States123,751Sioux City
58%
United States230,323Sioux Falls
58%
United States162,023St. Cloud
58%
United States152,727Tuscaloosa
58%
United States122,971Abilene
54%
Mexico1,002,453Aguascalientes
54%
United States281,998Appleton
54%
United States118,032Burlington, Vt.
54%
Mexico578,288Durango
54%
United States229,292Fort Collins
54%
United States221,373Frederick, Md.
54%
United States154,260Grand Junction
54%
United States175,662Greeley
54%
United States200,157Huntington
54%
Canada610,683Kitchener
54%
United States113,927Logan
54%
United States273,121Lowell
54%
United States191,591Medford
54%
United States455,140Modesto
54%
United States101,917Napa
54%
United States231,851Roanoke
54%
El Salvador317,184Santa Ana
54%
United States182,647Santa Cruz
54%
Cuba507,509Santiago de Cuba
54%
Dom. Republic912,525Santiago de los Caballeros
54%
Canada224,884Sherbrooke
54%
United States192,116Utica
54%
United States144,051Yuma
54%
United States100,842Auburn
50%
United States186,447Bellingham
50%
United States152,041Bloomington, Ill.
50%
United States144,841Bloomington, Ind.
50%
Mexico227,806Cabo San Lucas
50%
United States479,589Canton
50%
United States105,475Eau Claire
50%
United States561,342Indio - Palm Springs
50%
United States324,639Killeen - Temple
50%
United States298,954Myrtle Beach
50%
United States205,370Nashua
50%
United States167,432Norwich - New London
50%
United States438,444Oxnard
50%
United States270,896Pasco - Kennewick -
Richland
50%
United States200,778Salinas
50%
Mexico1,488,345Torreón (La Laguna)
50%
United States164,705Yakima
50%
United States353,945York
50%
United States285,776Asheville
46%
Canada116,159Fredericton
46%
United States237,767Hagerstown
46%
United States139,827Iowa City
46%
Canada119,408Kamloops
46%
Canada235,473Kelowna
46%
United States125,596Lynchburg
46%
United States119,964Monroe, La.
46%
United States234,739Murfreesboro
46%
United States182,647Ocala
46%
United States153,746Oshkosh
46%
Mexico1,142,659Querétaro
46%
Canada154,104Red Deer
46%
United States204,352Santa Maria
46%
Mexico2,504,388Toluca
46%
United States311,516Visalia
46%
United States362,883Waterbury
46%
United States591,570Waukegan -
Round Lake Beach
46%
United States154,273Yuba City
46%
Canada207,625Abbotsford
42%
United States224,449Bremerton
42%
Barbados216,806Bridgetown
42%
Cuba306,461Camagüey
42%
Mexico253,846Campeche
42%
United States193,564Champaign
42%
Canada109,051Chatham-Kent
42%
United States149,761Chico
42%
United States200,947Clarksville
42%
United States125,462La Crosse
42%
Mexico334,696La Paz
42%
United States114,557Lawrence, Kan.
42%
United States402,943Lawrence, Mass.
42%
United States154,911Longview
42%
Mexico442,695Mazatlán
42%
Canada144,501Moncton
42%
Mexico840,764Morelia
42%
United States166,414Muskegon
42%
United States314,766Poughkeepsie
42%
United States294,190Saginaw
42%
Honduras1,427,311San Pedro Sula
42%
Canada / USA185,516Sarnia - Port Huron
42%
Canada175,357Sudbury
42%
Canada190,956Trois-Rivières
42%
Mexico647,610Xalapa
42%
United States185,069Binghamton
38%
Haiti319,778Cap-Haïtien
38%
United States104,191Charlottesville
38%
United States171,680Danbury
38%
United States231,875Deltona
38%
Martinique146,604Fort-de-France
38%
United States189,453Fort Smith
38%
United States167,679Fredericksburg
38%
Cuba210,342Guantánamo
38%
United States201,511Hickory
38%
United States138,836Janesville
38%
United States128,519Johnson City
38%
United States144,115Longmont
38%
United States164,407Merced
38%
United States150,801Muncie
38%
Mexico / USA291,494Nogales
38%
Mexico200,445Piedras Negras - Eagle Pass
38%
Mexico369,041Puerto Vallarta
38%
United States495,983Reading
38%
Mexico752,131Saltillo
38%
United States196,943Spartanburg
38%
Mexico717,575Tuxtla Gutiérrez
38%
Mexico338,528Zacatecas
38%
United States303,269Barnstable Town
35%
Canada241,569Barrie
35%
Mexico844,243Culiacán
35%
United States247,413Fairfield - Vacaville
35%
United States150,209Houma
35%
Canada114,857Lethbridge
35%
Canada132,275Nanaimo
35%
United States232,278New Bedford
35%
United States101,118Owensboro
35%
Puerto Rico217,432Ponce
35%
Canada165,185Saguenay
35%
El Salvador233,827San Miguel
35%
Mexico117,035San Miguel de Allende
35%
Cuba238,034Santa Clara
35%
United States243,233Santa Clarita
35%
United States119,948State College
35%
Mexico798,771Tampico
35%
United States486,409Temecula - Murrieta
35%
Mexico486,719Tepic
35%
Mexico168,649Ciudad Acuña - Del Rio
31%
Mexico343,001Colima
31%
Mexico346,167Córdoba
31%
Mexico1,121,551Cuernavaca
31%
Mexico369,173Ensenada
31%
United States105,150Hanford, Calif.
31%
United States142,899Holland
31%
United States106,311Lawton
31%
United States111,271Loveland
31%
Jamaica146,136Montego Bay
31%
United States121,268Petaluma
31%
United States213,259The Villages - Leesburg
31%
United States349,903Victorville
31%
Mexico695,936Villahermosa
31%
Curaçao179,535Willemstad
31%
United States118,369Anderson - Clemson
27%
United States331,115Antioch
27%
United States103,785Davis
27%
United States189,453Fort Walton Beach
27%
United States114,833Gilroy - Morgan Hill
27%
Mexico157,671Guanajuato
27%
Canada175,030Guelph
27%
Cuba351,712Holguín
27%
United States219,218Lorain
27%
United States109,995Madera
27%
United States113,763Mandeville - Covington
27%
United States156,950Palm Coast
27%
Guadeloupe250,129Pointe-à-Pitre
27%
United States199,998Port Charlotte - North Port
27%
Canada160,686Saint-Jean-sur-Richelieu
27%
Trinidad & Tobago225,119San Fernando
27%
Mexico / USA101,488Agua Prieta - Douglas
23%
Mexico190,735Chetumal
23%
Canada121,802Chilliwack
23%
Mexico273,159Chilpancingo
23%
Cuba148,399Cienfuegos
23%
Mexico107,401Ciudad Hidalgo
23%
Mexico406,788Ciudad Obregón
23%
United States264,664Hemet
23%
Cuba200,302Las Tunas
23%
United States224,268Leominster
23%
United States103,507Lodi
23%
Mexico333,284Los Mochis
23%
United States110,232Manteca
23%
Mexico233,737Playa del Carmen
23%
United States109,123Porterville
23%
United States216,978Spring Hill
23%
Mexico309,709Tehuacán
23%
Cuba219,784Bayamo
19%
Canada116,013Belleville
19%
Trinidad & Tobago184,623Chaguanas
19%
Mexico209,498Ciudad del Carmen
19%
Panama220,670Colón
19%
Mexico102,018Cozumel
19%
Canada104,076Drummondville
19%
Haiti368,927Gonaïves
19%
Nicaragua105,651Granada
19%
Dom. Republic268,964La Romana
19%
Jamaica120,417Mandeville
19%
Cuba120,632Manzanillo
19%
Mexico191,621Manzanillo
19%
Cuba159,859Matanzas
19%
Mexico336,331Monclova
19%
Canada117,529Peterborough
19%
Cuba185,709Pinar del Río
19%
Guatemala488,321Quetzaltenango
19%
Mexico256,400San Cristóbal de las Casas
19%
Cuba124,557Sancti Spíritus
19%
United States111,882Tracy
19%
United States123,459Turlock
19%
United States303,511West Chester
19%
Mexico223,130Zamora
19%
Guatemala120,206Antigua
15%
Puerto Rico180,063Arecibo
15%
Canada139,909Brantford
15%
Cuba126,221Ciego de Ávila
15%
Mexico356,986Coatzacoalcos
15%
Guatemala399,554Cobán
15%
Panama207,343David
15%
Mexico193,418Delicias
15%
Honduras155,562El Progreso
15%
United States118,838Harlingen
15%
Guatemala143,202Huehuetenango
15%
Mexico610,584Irapuato
15%
Nicaragua183,185Masaya
15%
Mexico269,980Minatitlán
15%
Mexico530,340Pachuca
15%
Haiti160,656Port-de-Paix
15%
Costa Rica108,908Puntarenas
15%
Canada155,815Saint-Jérôme
15%
Haiti209,295Saint-Marc
15%
Mexico195,123Tula
15%
Mexico365,724Uruapán
15%
Mexico180,506Cárdenas
12%
Mexico533,181Celaya
12%
Guatemala292,872Chimaltenango
12%
Nicaragua171,384Chinandega
12%
Honduras135,373Comayagua
12%
Mexico145,864Comitán de Domínguez
12%
Guatemala146,529Escuintla
12%
Nicaragua124,717Estelí
12%
Guatemala135,607Flores
12%
Mexico165,691Fresnillo
12%
Mexico119,064Hidalgo del Parral
12%
Mexico139,912Iguala
12%
Haiti121,986Jacmel
12%
Guatemala159,840Jalapa
12%
Honduras302,954La Ceiba
12%
Mexico140,775Lagos de Moreno
12%
Dom. Republic155,871La Vega
12%
Mexico189,307Lázaro Cárdenas
12%
Nicaragua152,170Matagalpa
12%
Mexico443,590Orizaba
12%
Mexico297,854Poza Rica
12%
Dom. Republic144,918Puerto Plata
12%
Guatemala114,024Retalhuleu
12%
Mexico101,954Ríoverde
12%
Mexico120,324Sahuayo de Morelos
12%
Mexico101,153Salina Cruz
12%
Guatemala163,324San Marcos
12%
Guatemala102,035Sololá
12%
El Salvador293,857Sonsonate
12%
Mexico384,253Tapachula
12%
El Salvador107,750Usulután
12%
Mexico100,765Acayucán
8%
Puerto Rico306,250Aguadilla - Isabela
8%
El Salvador127,977Ahuachapán
8%
Mexico129,603Apatzingán
8%
Panama469,659Arraiján - La Chorrera
8%
Mexico111,824Atlixco
8%
Dom. Republic144,420Baní
8%
Guatemala111,505Chiquimula
8%
Honduras159,691Choluteca
8%
Mexico111,975Ciudad Guzmán
8%
Mexico133,144Ciudad Valles
8%
Mexico108,611Cortazar
8%
Mexico143,874Cuauhtémoc
8%
Mexico410,760Cuautla
8%
Mexico102,756Dolores Hidalgo
8%
Mexico179,950García
8%
Mexico119,284Guasave
8%
Mexico153,912Guaymas
8%
Dom. Republic160,532Higüey
8%
Mexico124,078Huauchinango
8%
Nicaragua126,419Jinotega
8%
Mexico101,346Juchitán
8%
Guatemala145,880Jutiapa
8%
Mexico106,516Martínez de la Torre
8%
Jamaica102,947May Pen
8%
Guatemala151,710Mazatenango
8%
Mexico144,671Moroleón - Uriangato
8%
Mexico132,843Navojoa
8%
Mexico120,284Ocotlán
8%
Mexico102,135Pátzcuaro
8%
Guatemala100,593Puerto Barrios
8%
Honduras114,506Puerto Cortés
8%
Mexico280,514Salamanca
8%
Mexico116,843San Andrés Tuxtla
8%
Mexico140,097San Juan Bautista Tuxtepec
8%
Mexico180,185Silao
8%
Mexico149,842Tecomán
8%
Mexico112,281Tepatitlán
8%
Mexico337,637Texmelucan
8%
Mexico232,172Teziutlán
8%
Nicaragua150,597Tipitapa
8%
Guatemala157,503Totonicapán
8%
Mexico235,934Tulancingo
8%
Mexico103,173Valle de Santiago
8%
Honduras151,235Villanueva
8%
Mexico130,655Zihuatanejo
8%
Mexico150,641Zitácuaro
8%
Dom. Republic116,694Bonao
4%
El Salvador140,325Chalchuapa
4%
Guatemala124,857Coatepeque
4%
Honduras111,126Cofradia
4%
Mexico136,859La Piedad de Cabadas
4%
Guatemala111,148Malacatán
4%
Dom. Republic132,370Moca
4%
Cuba111,914Palma Soriano
4%
Haiti145,976Petit-Goâve
4%
Puerto Rico123,179San Germán - Cabo Rojo
4%
Mexico148,936Túxpam
4%
Haiti144,342Léogâne
0%
Mexico122,518Ozumba de Alzate
0%
Haiti129,406Saint-Louis-du-Nord
0%
Guatemala131,924Santa Lucía Cotzumalguapa
0%

Score Distribution

Percentile by Number Answered

Percent of People with Each Score

Your Score History

You have not taken this quiz